000 01556cam a22004217a 4500
003 CHAP
005 20220817043943.0
008 040813d2003 mx r 00110 spa d
010 _a88652
011 _a89624
020 _a9707221372
035 _a100175
040 _cCHAP
082 0 0 _a338.972
_bH4
100 0 0 _aHernández Laos, Enrique.
_954206
245 1 0 _aGlobalización, desigualdad y pobreza :
_blecciones de la experiencia mexicana
_c/por Enrique Hernández Laos y Jorge Velázquez Roa
260 _aMéxico, D.F. :
_bUniversidad Autónoma Metropolitana. Unidad Iztapalapa,
_c2003.
300 _a217 p. ;
_bgráfs.
410 0 0 _aUniversidad Autónoma Metropolitana. Unidad Iztapalapa
490 0 _aColección CSH
590 _aBATCH-UPD
_b10
_c20130110
_lUCH01
_h0557
590 _aBATCH-UPD
_b10
_c20130410
_lUCH01
_h0238
590 _aBATCH-UPD
_b10
_c20130914
_lUCH01
_h1003
590 _aCONVERSION
_b10
_c20130109
_lUCH01
_h1349
650 1 4 _aGlobalización.
_948300
650 1 4 _aMéxico
_xCondiciones económicas.
650 1 4 _aMéxico
_xCondiciones sociales.
_976730
650 1 4 _aPobreza.
_989463
650 1 4 _aPolítica social
_zMéxico.
700 0 _aVelázquez Roa, Jorge.
_9118618
810 0 0 _aUniversidad Autónoma Metropolitana. Unidad Iztapalapa
830 0 0 _aColección CSH
_924763
901 _aBK
905 _aAlejandra Carrasco M.
942 _cLIBRO
949 _a338.972 H4
_bBC
_cLIBRO
_d33724000797973
_eLIBRO
_h104596
_i100175
_si
949 _a338.972 H4
_bBC
_cLIBRO
_d33724000948329
_eLIBRO
_fc.2
_h101838
_i100175
_si
999 _c88652
_d88652